logo

Bir Sreshtho Munshi Abdur Rouf Library
Jhenaidah Cadet College

বোখারী শরীফ : (Record no. 6335)

MARC details
000 -LEADER
fixed length control field 00974nam a22002297a 4500
001 - CONTROL NUMBER
JCCL Control Number 6335
003 - CONTROL NUMBER IDENTIFIER
JCCL marc code BD-JhCC
005 - DATE AND TIME OF LATEST TRANSACTION
control field 20180417085200.0
008 - FIXED-LENGTH DATA ELEMENTS--GENERAL INFORMATION
fixed length control field 180121b xxu||||| |||| 00| 0 eng d
035 ## - SYSTEM CONTROL NUMBER
system control number (BD-JhCC)6335
040 ## - CATALOGING SOURCE
Original cataloging agency BD-JhCC
Modifying agency BD-JhCC
041 ## - LANGUAGE CODE
Language code of Book eng
082 ## - DEWEY DECIMAL CLASSIFICATION NUMBER
Classification number 297.1241
Author mark and Year FOR 1960
100 ## - MAIN ENTRY--PERSONAL NAME
Personal name ফরিদপুরী, মাওলানা শামছুল হক সাহেব
245 ## - TITLE STATEMENT
Title বোখারী শরীফ :
Remainder of title বাংলা তরজমা ও বিস্তারিত ব্যাখ্যা /
Statement of responsibility, etc মাওলানা শামছুল হক সাহেব ফরিদপুরী, মাওলানা আজিজুল হক সাহেব
260 ## - PUBLICATION, DISTRIBUTION, ETC. (IMPRINT)
Place of publication, distribution, etc ঢাকা :
Name of publisher, distributor, etc হামিদিয়া লাইব্রেরী,
Date of publication, distribution, etc 1960.
300 ## - PHYSICAL DESCRIPTION
Pagination 396 p. :
Dimensions 24 cm.
650 ## - SUBJECT ADDED ENTRY--TOPICAL TERM
Topical term or geographic name as entry element Hadith
700 ## - ADDED ENTRY--PERSONAL NAME
Personal name সাহেব, মাওলানা আজিজুল হক
942 ## - ADDED ENTRY ELEMENTS (KOHA)
Source of classification or shelving scheme Dewey Decimal Classification
Koha item type Books
Holdings
Source of classification or shelving scheme volume number Damaged status Not for loan Home library Current library Shelving location Cost, normal purchase price Total Checkouts Full call number Barcode Date last seen Copy number Koha item type Date of accession
Dewey Decimal Classification V-3     JCC Rouf Library JCC Rouf Library General Stacks 8.00   297.1241 FOR 1960 455 01/21/2018 C-1 Books  
Dewey Decimal Classification V-5     JCC Rouf Library JCC Rouf Library General Stacks 8.00   297.1241 FOR 1960 458 01/22/2018 C-2 Books 01/22/2018
Dewey Decimal Classification V-1     JCC Rouf Library JCC Rouf Library General Stacks 280.00   297.1241 FOR 1960 453 02/13/2018 C-3 Books 02/13/2018

JCC Library | Contacts | JCC Home

Last Update on 23 September 2017
Copyright @ 2017-2020 JCC Rouf Library
Rouf Library, Jhenidah Cadet College (JCC), Bangladesh